ბათუმის შოთა რუსთაველის სახელმწიფო უნივერსიტეტის ბიბლიოთეკა

Транспортирующие машины. (ბიბ.ჩანაწერი № 37403)

000 -LEADER
fixed length control field 00680nam a2200229Ia 4500
001 - CONTROL NUMBER
control field 3362
003 - CONTROL NUMBER IDENTIFIER
control field GE_BSU
008 - FIXED-LENGTH DATA ELEMENTS--GENERAL INFORMATION
fixed length control field 181216s||||||||xx |||||||||||||| ||und||
040 ## - CATALOGING SOURCE
Transcribing agency GE_BSU
080 ## - UNIVERSAL DECIMAL CLASSIFICATION NUMBER
Universal Decimal Classification number 621.867(075.8)
100 ## - MAIN ENTRY--PERSONAL NAME
Personal name Спиваковский,А.О. Дьячков,В.К.
245 ## - TITLE STATEMENT
Title Транспортирующие машины.
245 ## - TITLE STATEMENT
Statement of responsibility, etc. Ред. С.И.Булатова.
250 ## - EDITION STATEMENT
Edition statement Изд 2-ое, перераб.и доп.
260 ## - PUBLICATION, DISTRIBUTION, ETC.
Place of publication, distribution, etc. М.
260 ## - PUBLICATION, DISTRIBUTION, ETC.
Name of publisher, distributor, etc. Машиностроение.
260 ## - PUBLICATION, DISTRIBUTION, ETC.
Date of publication, distribution, etc. 1968.
300 ## - PHYSICAL DESCRIPTION
Extent 504 стр. с илл. 26 см.
300 ## - PHYSICAL DESCRIPTION
Accompanying material табл.
653 ## - INDEX TERM--UNCONTROLLED
Uncontrolled term Транспортирующие машины.
942 ## - ADDED ENTRY ELEMENTS (KOHA)
Koha item type წიგნი
ეგზემპლარები
Withdrawn status Lost status Damaged status Not for loan Date acquired Barcode Date last seen Price effective from Koha item type
        2018-12-17 10319 2018-12-17 2018-12-17 წიგნი